[Event "Wch Blitz"]
[Site "Riadh"]
[Date "2017.12.30"]
[Round "13"]
[White "Al Ghamdi, Ahmed M"]
[Black "Al Zamel, Khaled"]
[Result "1/2-1/2"]
[WhiteElo "2159"]
[BlackElo "1942"]
[PlyCount "35"]
[EventDate "2017.12.29"]
[EventType "swiss (blitz)"]
[EventRounds "21"]
[EventCountry "SAU"]
[SourceTitle "CBM 182 Extra"]
[Source "ChessBase"]
[SourceDate "2018.02.23"]
[SourceVersion "1"]
[SourceVersionDate "2018.02.23"]
[SourceQuality "1"]

1. e4 c6 2. d4 d6 3. Nf3 Qc7 4. c4 Bg4 5. Nc3 Nf6 6. h3 Bh5 7. Be2 Nbd7 8. 0-0 e5 9. d5 Be7 10. Ne1 Bg6 11. f3 0-0 12. Be3 a6 13. g4 Rfd8 14. Ng2 Nf8 15. Nh4 Nxg4 16. Nxg6 Nxe3 17. Nxe7+ Qxe7 18. Qe1 1/2-1/2

[Event "Wch Blitz"]
[Site "Riadh"]
[Date "2017.12.30"]
[Round "17"]
[White "Al Zamel, Khaled"]
[Black "Al Habeeb, Emad"]
[Result "0-1"]
[WhiteElo "1942"]
[BlackElo "1933"]
[PlyCount "59"]
[EventDate "2017.12.29"]
[EventType "swiss (blitz)"]
[EventRounds "21"]
[EventCountry "SAU"]
[SourceTitle "CBM 182 Extra"]
[Source "ChessBase"]
[SourceDate "2018.02.23"]
[SourceVersion "1"]
[SourceVersionDate "2018.02.23"]
[SourceQuality "1"]

1. e4 d6 2. d3 Nf6 3. Nc3 g6 4. g3 Bg7 5. Nf3 0-0 6. Bg2 c6 7. 0-0 Bd7 8. h3 Qa5 9. Bd2 Qh5 10. Nh2 Qa5 11. Nd5 Qd8 12. Nxf6+ Bxf6 13. Bh6 Re8 14. Ng4 Bxb2 15. Rb1 Bd4 16. Bg5 Bxg4 17. Qxg4 Qc7 18. h4 Nd7 19. h5 Ne5 20. Qh4 f6 21. Be3 Bxe3 22. fxe3 g5 23. Qh3 Kf7 24. h6 b5 25. Qh5+ Ng6 26. Qxg5 Rg8 27. Qh5 Qb6 28. Qf3 a5 29. a4 Qc5 30. d4 0-1

[Event "Wch Blitz"]
[Site "Riadh"]
[Date "2017.12.30"]
[Round "15"]
[White "Al Zamel, Khaled"]
[Black "Alem, Ali Hussien"]
[Result "1-0"]
[WhiteElo "1942"]
[BlackElo "1745"]
[PlyCount "80"]
[EventDate "2017.12.29"]
[EventType "swiss (blitz)"]
[EventRounds "21"]
[EventCountry "SAU"]
[SourceTitle "CBM 182 Extra"]
[Source "ChessBase"]
[SourceDate "2018.02.23"]
[SourceVersion "1"]
[SourceVersionDate "2018.02.23"]
[SourceQuality "1"]

1. e4 d6 2. d4 Nf6 3. Nc3 g6 4. Bc4 Bg7 5. a3 c6 6. Nf3 0-0 7. 0-0 b5 8. Bb3 Bb7 9. Be3 Nbd7 10. Qd2 Ng4 11. Bf4 e5 12. dxe5 dxe5 13. Bg3 Qe7 14. Rad1 Rad8 15. Qe2 a6 16. Rd2 Nb6 17. h3 Rxd2 18. Qxd2 Nf6 19. Bxe5 c5 20. Bd6 Nc4 21. Qf4 Nxd6 22. e5 Nh5 23. exd6 Nxf4 24. dxe7 Re8 25. Re1 c4 26. Ba2 Bf6 27. b3 Bxc3 28. Re3 Bg7 29. bxc4 Ne6 30. cxb5 axb5 31. Bxe6 fxe6 32. Rxe6 Kf7 33. Rb6 Bxf3 34. gxf3 Rxe7 35. Rxb5 Re1+ 36. Kg2 Re2 37. Rc5 Bd4 38. Rc4 Bxf2 39. Kf1 Rd2 40. Rf4+ Ke6 1-0

[Event "Wch Blitz"]
[Site "Riadh"]
[Date "2017.12.30"]
[Round "20"]
[White "Farhan, Marwan Ali"]
[Black "Al Zamel, Khaled"]
[Result "1-0"]
[WhiteElo "1975"]
[BlackElo "1942"]
[PlyCount "60"]
[EventDate "2017.12.29"]
[EventType "swiss (blitz)"]
[EventRounds "21"]
[EventCountry "SAU"]
[SourceTitle "CBM 182 Extra"]
[Source "ChessBase"]
[SourceDate "2018.02.23"]
[SourceVersion "1"]
[SourceVersionDate "2018.02.23"]
[SourceQuality "1"]

1. e4 c6 2. d4 d6 3. Nc3 Qc7 4. Be3 Nf6 5. h3 e5 6. Nf3 Be7 7. Bd3 b6 8. 0-0 Ba6 9. dxe5 dxe5 10. Qe2 Bxd3 11. Qxd3 Nbd7 12. Ne2 Rd8 13. Ng3 Nc5 14. Qc3 Ncxe4 15. Nxe4 Nxe4 16. Qxe5 Qxe5 17. Nxe5 Bf6 18. Nxc6 Rc8 19. Nxa7 Rxc2 20. Rac1 Rxc1 21. Rxc1 0-0 22. b3 Ra8 23. Bxb6 Nd6 24. Be3 Nf5 25. a4 g6 26. Bb6 Ne7 27. Nc6 Nd5 28. Bd4 Bg5 29. Rc5 Rc8 30. Rxd5 Rxc6 1-0

[Event "Wch Blitz"]
[Site "Riadh"]
[Date "2017.12.29"]
[Round "3"]
[White "Al Zamel, Khaled"]
[Black "Inarkiev, Ernesto"]
[Result "0-1"]
[WhiteElo "1942"]
[BlackElo "2689"]
[PlyCount "70"]
[EventDate "2017.12.29"]
[EventType "swiss (blitz)"]
[EventRounds "21"]
[EventCountry "SAU"]
[SourceTitle "CBM 182 Extra"]
[Source "ChessBase"]
[SourceDate "2018.02.23"]
[SourceVersion "1"]
[SourceVersionDate "2018.02.23"]
[SourceQuality "1"]

1. e4 c5 2. d3 Nc6 3. Nc3 g6 4. Be3 d6 5. g3 Bg7 6. Bg2 Rb8 7. Nge2 b5 8. Qc1 b4 9. Nd1 e6 10. 0-0 a5 11. Rb1 Ba6 12. b3 Nge7 13. Bh6 0-0 14. Bxg7 Kxg7 15. Kh1 Nd4 16. Nxd4 cxd4 17. f4 Rc8 18. Qd2 Rc5 19. Qf2 Nc6 20. Re1 Qc7 21. Nb2 Bb5 22. e5 dxe5 23. fxe5 Rxe5 24. Rf1 f5 25. Rbd1 Rd8 26. Rde1 Rxe1 27. Rxe1 e5 28. Kg1 Nb8 29. Nd1 Nd7 30. Qd2 Rc8 31. Qg5 Nf6 32. Re2 e4 33. Nf2 h6 34. Qc1 exd3 35. Re5 Qxe5 0-1

[Event "Wch Blitz"]
[Site "Riadh"]
[Date "2017.12.29"]
[Round "4"]
[White "Alekseev, Evgeny V"]
[Black "Al Zamel, Khaled"]
[Result "1-0"]
[WhiteElo "2616"]
[BlackElo "1942"]
[PlyCount "47"]
[EventDate "2017.12.29"]
[EventType "swiss (blitz)"]
[EventRounds "21"]
[EventCountry "SAU"]
[SourceTitle "CBM 182 Extra"]
[Source "ChessBase"]
[SourceDate "2018.02.23"]
[SourceVersion "1"]
[SourceVersionDate "2018.02.23"]
[SourceQuality "1"]

1. e4 d6 2. d4 c6 3. f4 Qc7 4. e5 dxe5 5. fxe5 Bf5 6. Bd3 Bxd3 7. Qxd3 e6 8. Nf3 Ne7 9. 0-0 Nd7 10. Nbd2 Nf5 11. Ne4 0-0-0 12. Qe2 Qb6 13. c3 Be7 14. b4 h6 15. g4 Nh4 16. Nxh4 Bxh4 17. Nd6+ Kb8 18. Nxf7 Rhe8 19. Nxd8 Rxd8 20. Be3 Nf8 21. d5 Qc7 22. d6 Qc8 23. Rf7 Ng6 24. Rc7 1-0

[Event "Wch Rapid"]
[Site "Riadh"]
[Date "2017.12.26"]
[Round "5"]
[White "Al Juhani, Bakr"]
[Black "Al Zamel, Khaled"]
[Result "0-1"]
[WhiteElo "1854"]
[BlackElo "1942"]
[PlyCount "54"]
[EventDate "2017.12.26"]
[EventType "swiss (rapid)"]
[EventRounds "15"]
[EventCountry "SAU"]
[SourceTitle "CBM 182 Extra"]
[Source "ChessBase"]
[SourceDate "2018.02.23"]
[SourceVersion "1"]
[SourceVersionDate "2018.02.23"]
[SourceQuality "1"]

1. e4 c6 2. d4 d6 3. Nf3 Qc7 4. Bd3 Bg4 5. Nbd2 Nd7 6. h3 Bh5 7. g4 Bg6 8. Nf1 Ngf6 9. Ng3 e6 10. 0-0 Be7 11. Re1 0-0 12. Nh2 Rad8 13. f4 d5 14. e5 Ne4 15. Nxe4 dxe4 16. Bxe4 Bxe4 17. Rxe4 c5 18. c3 cxd4 19. cxd4 Nb6 20. Re2 Rxd4 21. Qe1 Rfd8 22. Be3 Rd3 23. Rb1 Qc6 24. Rd2 Rxd2 25. Bxd2 Nc4 26. Rc1 Qb6+ 27. Kg2 Rxd2+ 0-1

[Event "Wch Rapid"]
[Site "Riadh"]
[Date "2017.12.26"]
[Round "2"]
[White "Al Zamel, Khaled"]
[Black "Naiditsch, Arkadij"]
[Result "0-1"]
[WhiteElo "1942"]
[BlackElo "2705"]
[PlyCount "56"]
[EventDate "2017.12.26"]
[EventType "swiss (rapid)"]
[EventRounds "15"]
[EventCountry "SAU"]
[SourceTitle "CBM 182 Extra"]
[Source "ChessBase"]
[SourceDate "2018.02.23"]
[SourceVersion "1"]
[SourceVersionDate "2018.02.23"]
[SourceQuality "1"]

1. e4 c5 2. d3 Nc6 3. Nf3 g6 4. g3 Bg7 5. Bg2 e5 6. Nbd2 Nge7 7. 0-0 0-0 8. Re1 d6 9. Nf1 f5 10. c3 h6 11. h4 Be6 12. N1h2 Qd7 13. Bd2 b5 14. Qc1 Kh7 15. a4 b4 16. Be3 bxc3 17. bxc3 c4 18. exf5 Nxf5 19. d4 exd4 20. Nxd4 Ncxd4 21. Bxa8 Nb3 22. Qc2 Nxa1 23. Rxa1 Nxe3 24. Qe4 Rxa8 25. h5 Bd5 26. hxg6+ Kh8 27. Qxe3 Qh3 28. Nf3 Rf8 0-1